000 00578nam a2200229Ia 4500
003 OSt
005 20221007074139.0
006 a|||||r|||| 00| 0
007 ta
008 221006b |||||||| |||| 00| 0 eng d
024 _a7,667
037 _cTextual
040 _aFLL
_cFLL
_beng
041 _2eng
_aeng
082 _aZ2qN4, J2.6
245 0 _aCivil court manual central acts
250 _a10th
260 _aMadras
_bMadras law journal office India
_c1952
300 _a9100p
_ccm.
942 _hZ2qN4, J2.6
_cTEXL
_2CC
999 _c1151329
_d1151329